000 00390nam a2200145Ia 4500
008 231129s2012||||xx |||||||||||||| ||spa||
020 _a978-607-16-0869-7
040 _bspa
082 _a(i) Br869.3 M149b
100 _aMachado Ana Marí­a
245 0 _aBisa bea bisa bel
260 _c2012
264 _aFondo de Cultura Económica
942 _2ddc
_cBKS
999 _c2071
_d2071